| 000 | 00890nam a22002777a 4500 | ||
|---|---|---|---|
| 003 | CHAP | ||
| 005 | 20220329141607.0 | ||
| 008 | 971013s1962 r 00010 d | ||
| 010 | _a70680 | ||
| 011 | _a71652 | ||
| 035 | _a81206 | ||
| 040 | _cCHAP | ||
| 090 | _aFolleto 587 | ||
| 110 |
_aAgencia para el Desarrollo Internacional _91116 |
||
| 245 | _aInstalación necesaria para la fabricación de azúcar orudo o mascabado | ||
| 260 |
_aMéxico, D.F. : _bCentro Regional de Ayuda Técnica, _c1962 |
||
| 300 | _a24 p. | ||
| 590 |
_aBATCH-UPD _b10 _c20130110 _lUCH01 _h0045 |
||
| 590 |
_aBATCH-UPD _b10 _c20130409 _lUCH01 _h2031 |
||
| 590 |
_aBATCH-UPD _b10 _c20130914 _lUCH01 _h0511 |
||
| 590 |
_aCONVERSION _b10 _c20130109 _lUCH01 _h1339 |
||
| 650 | 1 | 4 |
_aAzúcar _xFabricación y refinación. _99152 |
| 901 | _aBK | ||
| 942 | _cFOLL | ||
| 949 |
_aFolleto 587 _bBC _cFOLL _d-34419 _eTS1 _i81206 _si |
||
| 999 |
_c70680 _d70680 |
||